000
00272nam a2200085Ia 4500
245
0
_a
A sangoma's story : the calling of Elliot Ndlovu
100
_a
Reeder, Melanie Johannesburg, South Africa, 2011
_9
42613
942
_c
BK
008
210817s9999 xx 000 0 und d
999
_c
321008
_d
321007